Dissent and the state in peace and war; an essai on the grounds of public morality

保存先:
書誌詳細
第一著者: Kaplan, Morton A.
フォーマット: 図書
言語:English
出版事項: New York, Dunellen Co. [1970]
シリーズ:University Press of Cambridge series in the social sciences
主題:
LEADER 01123nam a2200289 4500
001 c000321285
003 CARM
005 00000000000000.0
008 710115s1970 nyu b 00010 eng
019 1 |a 555110  |5 LACONCORD2021 
020 |a 0842400079 
035 |a (OCoLC)110523  |5 LACONCORD2021 
043 |a n-us--- 
050 0 0 |a KF4770  |b .Z9K3 
100 1 |a Kaplan, Morton A. 
245 1 0 |a Dissent and the state in peace and war;  |b an essai on the grounds of public morality  |c [by] Morton A. Kaplan. 
260 |a New York,  |b Dunellen Co.  |c [1970] 
300 |a xv, 172 p.  |c 23 cm. 
490 0 |a University Press of Cambridge series in the social sciences 
504 |a Includes bibliographical references. 
650 0 |a Civil rights  |z United States. 
650 0 |a Government, Resistance to  |z United States. 
651 0 |a United States  |x Foreign relations  |y 1969-1974. 
852 8 |b CARM  |h A1:AP28G0  |i B07987  |p 0355331  |f BK 
082 0 4 |a 320 
999 f f |i 717f7c30-069d-5c81-8168-91490ea96306  |s fb88bcc1-ee88-5446-b085-32900a15c05d 
952 f f |p Can circulate  |a CAVAL  |b CAVAL  |c CAVAL  |d CARM 1 Store  |e B07987  |f A1:AP28G0  |h Other scheme  |i book  |m 0355331